K exekúcii vedenej na nehnuteľnosť zaťaženú záložným právom
Cieľom predkladaného príspevku je analýza aspektov exekučného záložného práva viaznuceho na nehnuteľnosti zapísanej v katastri nehnuteľnosti, ako aj parciálnych otázok úzko súvisiacich.
Guardado en:
| Autor principal: | |
|---|---|
| Otros Autores: | |
| Formato: | Capítulo de libro |
| Lenguaje: | eslovaco |
| Materias: | |
| Etiquetas: |
Sin Etiquetas, Sea el primero en etiquetar este registro!
|
MARC
| LEADER | 00000naa a2200000 4500 | ||
|---|---|---|---|
| 001 | 0311324 | ||
| 005 | 20250627084636.1 | ||
| 041 | 0 | |a slo | |
| 044 | |a SK | ||
| 245 | 1 | 0 | |a K exekúcii vedenej na nehnuteľnosť zaťaženú záložným právom |c Marek Števček, Alexandra Löwy |
| 520 | |a Cieľom predkladaného príspevku je analýza aspektov exekučného záložného práva viaznuceho na nehnuteľnosti zapísanej v katastri nehnuteľnosti, ako aj parciálnych otázok úzko súvisiacich. | ||
| 610 | 2 | 0 | |a kataster nehnuteľností |
| 610 | 2 | 0 | |a nehnuteľnosti |
| 610 | 2 | 0 | |a exekúcia |
| 610 | 2 | 0 | |a právo záložné |
| 610 | 2 | 0 | |a veritelia |
| 100 | 1 | |a Števček, Marek | |
| 700 | 1 | |a Löwy, Alexandra | |